00378cam a2200145ua 45000010005000000080039000050400009000440820008000531000029000612450056000902600030001463000023001766530014001996530019002131595110713n ii |||gr||||Z||||||asm cMAIN a336 aBaruah, Bhuban,eAuthor.1 aRajaswa bigyanar tatva aru prayogcby Bhuban Baruah aDibrugarh:bBanalata,988. a183p:bill;c23cm. aEconomics apublic finance